| 000 | 00663cam a2200253 4500500 | ||
|---|---|---|---|
| 005 | 20260405002720.0 | ||
| 041 | _afre | ||
| 042 | _adc | ||
| 100 | 1 | 0 |
_aDuru, Martin _eauthor |
| 245 | 0 | 0 | _aAu rythme des sages |
| 260 | _c2018. | ||
| 500 | _a76 | ||
| 690 | _aDeleuze | ||
| 690 | _aDiderot | ||
| 690 | _aLao-tseu | ||
| 690 | _aLaozi | ||
| 690 | _aLenteur | ||
| 690 | _aMontaigne | ||
| 690 | _aRythme | ||
| 690 | _aSénèque | ||
| 690 | _aVitesse | ||
| 786 | 0 | _nPhilosophie magazine | 120 | 6 | 2018-06-01 | p. 23-25 | 1951-1787 | |
| 856 | 4 | 1 | _uhttps://shs.cairn.info/magazine-philosophie-magazine-2018-6-page-23?lang=fr&redirect-ssocas=7080 |
| 999 |
_c2060390 _d2060390 |
||